000 00442nam a2200181Ia 4500
008 151018s9999 xx 000 0 und d
082 _bRBASDV46943
_a823
100 _aAshok Gosian
245 _aLittle Red Riding Hood
250 _b1
260 _bHar-Anand
_c2005
300 _a16
600 _aAshok Gosian
630 _aLittle Red Riding Hood
700 _aAshok Gosian
730 _aLittle Red Riding Hood
942 _cBOOK
999 _c1046092
_d1046089